Europäische Hauptstädte nach Sehenswürdigkeit - Statistiken

Allgemein
  • Dieses Quiz wurde 200 mal gespielt
  • Das Durchschnittsergebnis liegt bei 12 aus 45
Antwortstatistiken
Bildquiz Antwort % Korrekt
Moskau
98%
Berlin
93%
London
93%
Paris
93%
Rom
86%
Athen
82%
Brüssel
66%
Prag
48%
Vaduz
44%
Lissabon
33%
Bratislava
29%
Reykjavik
29%
Dublin
28%
Vatikanstadt
27%
Bern
24%
Kopenhagen
24%
Riga
24%
Helsinki
23%
Sofia
23%
Wien
23%
Kiew
21%
Amsterdam
19%
Stockholm
19%
Madrid
15%
Valletta
14%
Belgrad
11%
Monaco
11%
Tallinn
11%
Andorra la Vella
9%
Ljubljana
8%
Luxemburg
8%
Oslo
8%
San Marino
8%
Vilnius
7%
Tirana
6%
Warschau
6%
Budapest
5%
Chişinău
5%
Skopje
5%
Bukarest
4%
Minsk
4%
Zagreb
4%
Podgorica
3%
Priština
3%
Sarajevo
2%
Keine übereinstimmenden Quizze gefunden
Verteilung der Resultate
Anzahl Personen mit jedem Resultat
Perzentil nach korrekt beantworteten Fragen
Ihre Resultats-Entwicklung
Sie haben dieses Quiz noch nicht gespielt